Quiz sulla storia della Bolivia - Statistics

Statistiche generali
  • Questo quiz è stato fatto 13 volte
  • Il punteggio medio è 15 su 18
Statistiche sulle risposte
DOMANDA RISPOSTA % Corretto
Durante il periodo coloniale, la Bolivia era conosciuta come Alto+ nome di uno stato vicino Alto Perù/Perù
100%
Nel 1867 perse una guerra e dovette cedere territori a questo stato Brasile
100%
Ramo religioso maggiormente praticato Cattolicesimo
100%
Famoso rivoluzionario argentino attivo specialmente a Cuba che trovò la morte in Bolivia nel 1967 Che/Ernesto Che Guevara
100%
Alla fine dell'800 la Bolivia perse l'unico sbocco sul mare ai danni di quale nazione? Cile
100%
Numero di patrimoni dell'umanità in Bolivia 7
92%
Rivoluzionario sudamericano che combatté per l'indipendenza di vari stati latini e da cui oggi deriva il nome del paese Bolivar
92%
Popolo precolombiano che conquistò nel XV secolo le piccole civiltà stanziate in Bolivia Inca
92%
Nel 1548 qui venne fondata quella che oggi si può considerare la metropoli più alta al mondo La Paz
92%
Tra il 1932 e il 1935 ci fu la Guerra del Chaco in cui la Bolivia, seppur in miglior condizione, perse questa grande regione (Chaco) cedendola a questo stato Paraguay
83%
Nel 1552 in questa città, oggi capitale giudiziaria, venne fondata la prima diocesi Sucre
83%
Metallo prezioso di cui era ricca la Bolivia Argento
75%
Ordine religioso che fondò la prima università della Bolivia (lo stesso di Papa Francesco) Gesuiti/Gesuita
75%
Nel 1531/32 questo conquistadores si appropria anche dei territori boliviani Pizarro
75%
Lingua di questo ancora oggi ufficiale in Bolivia Quechua
67%
Nel 1776 la Bolivia passò al Vicereame di Rio de la Plata che aveva come capitale... Buenos Aires
58%
Anno d'indipendenza 1825
42%
Nel 1561 venne fondata quella che oggi è la città più popolosa della Bolivia Santa Cruz della Sierra/Santa Cruz
42%
Nessun quiz corrispondente trovato
Distribuzione punteggi
Percentuale di utenti per punteggio
Percentile per numero di risposta
I tuoi punteggi nel tempo
Non hai fatto questo quiz